| 000 | 00499nam a22001817a 4500 | ||
|---|---|---|---|
| 003 | CEME | ||
| 005 | 20210628205042.0 | ||
| 008 | 210128b xxu||||| |||| 00| 0 eng d | ||
| 020 | _a0-8311-3073-3 | ||
| 040 | _c. | ||
| 082 | _a658.5 CUR | ||
| 100 |
_aCurtis, Mark A _973638 |
||
| 245 | _aDimensional management;a comprehensive introduction | ||
| 260 |
_aNEW YORK _bINDUSTRIAL PRESS _c2002 |
||
| 300 | _aXI,211P | ||
| 650 |
_aPRODUCTION ENGINEERING, FACTORY MANAGEMENT _973639 |
||
| 942 |
_cBK _2ddc |
||
| 999 |
_c579306 _d579306 |
||